| 000 | 01143nam a2200277 a 4500 | ||
|---|---|---|---|
| 001 | BRCA_4666 | ||
| 005 | 20190320204745.0 | ||
| 008 | 290910s1953----sp-a######---#000-0#spa-# | ||
| 041 | _aspa | ||
| 044 | _asp | ||
| 050 | 4 |
_aF1461 _b.E88 10 1953 |
|
| 245 | 1 | 0 |
_aEstudios Americanos _brevista de síntesis e interpretación. |
| 260 |
_aSevilla _bEscuela de Estudios Hispano Americanos : Consejo Superior de Investigaciones Científicas _c1953 |
||
| 300 |
_ai, p. 480-603 _bil., 10 láminas _c24 cm. |
||
| 500 | _aEstado físico: Lomo deteriorado | ||
| 500 | _aVol. V, Núm. 20 mayo, 1953 | ||
| 500 | _aRevista inventariada por Banco de México como libro | ||
| 500 | _aVer también: CFG10(No.38-39), CFG11(No.37), CGF17(No.29), CFG18(No.30), CFG19(NO.31), CFG20(No.32), CFG21(No.33-34), CFG22(No.35-36) y Q75(No.28) | ||
| 500 | _aQ84 | ||
| 650 | 1 | 4 |
_aRevistas hispanoamericanas _911826 |
| 650 | 1 | 4 |
_aRevistas latinoamericanas _911827 |
| 651 | 4 |
_aAmérica Latina _vRevistas _xHistoria _911828 |
|
| 710 | 2 |
_aEscuela de Estudios Hispanoamericanos _bConsejo Superior de Investigaciones Científicas _911829 |
|
| 902 | _aGFM | ||
| 942 |
_2lcc _cB |
||
| 999 |
_c4367 _d4367 |
||